Sports Quiz

Random Sports or World Quiz
Score 0/32 Timer 06:00
7 Plays Today
% Correct
Brazil
92.5%
France
89.7%
Russia
89.6%
Argentina
89.3%
Spain
89.1%
England
(UK)
85.4%
Mexico
85.2%
Germany
84.1%
Portugal
82.4%
Australia
77.1%
Colombia
72.4%
Sweden
72%
Egypt
70.4%
Japan
69.5%
Peru
66.6%
Uruguay
63.3%
% Correct
Poland
59.5%
Croatia
58.8%
South Korea
56.8%
Saudi Arabia
55.8%
Switzerland
52%
Panama
52%
Morocco
51.6%
Iran
50.3%
Nigeria
48.4%
Belgium
47.1%
Costa Rica
44.4%
Serbia
43.9%
Iceland
42%
Denmark
39.2%
Tunisia
38.2%
Senegal
31.8%
Remove Ads.
Support Sporcle.
Get the best of Sporcle when you Go Orange. This ad-free experience offers more features, more stats, and more fun while also helping to support Sporcle. Thank you for becoming a member.

You're not logged in!

Compare scores with friends on all Sporcle quizzes.
OR
Log In

Show Comments

Extras

Top Quizzes Today


Score Distribution

Your Account Isn't Verified!

In order to create a playlist on Sporcle, you need to verify the email address you used during registration. Go to your Sporcle Settings to finish the process.

Report this User

Report this user for behavior that violates our Community Guidelines.

Details: